00477 2200181 4500001002100000005001500021008004100036020002200077035001900099041000700118082001000125090001600135100002800151245002600179260003200205300003600237650002200273INLIS00000000000666420241224113329241224||||||||| | ||| |||| || |  a978-979-071-092-4 0010-1224006664 aid0 a633.8 a633.8 PED p0 aTim Karaya Tani Mandiri00aPedoman Bertanam Lada aBandungbNuansa Auliac2010 a19x12,5cm, vi, 202 hlm.; ilus.: 0aIlmu-ilmu terapan